BURKET'S ORAL MEDICINE (Record no. 12320)

MARC details
000 -LEADER
fixed length control field 00375nam a22001577a 4500
003 - CONTROL NUMBER IDENTIFIER
control field SGT
020 ## - INTERNATIONAL STANDARD BOOK NUMBER
International Standard Book Number 9781607951889
082 ## - DEWEY DECIMAL CLASSIFICATION NUMBER
Classification number 617.63
Item number B15G
100 ## - MAIN ENTRY--PERSONAL NAME
Personal name GLICK, MICHAEL.
245 ## - TITLE STATEMENT
Title BURKET'S ORAL MEDICINE
250 ## - EDITION STATEMENT
Edition statement 12TH
260 ## - PUBLICATION, DISTRIBUTION, ETC. (IMPRINT)
Place of publication, distribution, etc Peoples Medical Publishing House
Name of publisher, distributor, etc AHUJA BOOKS PUBLISHER
300 ## - PAGE DESCRIPTION
No. of Pages 1-716
650 ## - SUBJECT ADDED ENTRY--TOPICAL TERM
Topical term or geographic name as entry element ORAL MEDICINE
942 ## - ADDED ENTRY ELEMENTS (KOHA)
Source of classification or shelving scheme Dewey Decimal Classification
Koha item type Books
942 ## - ADDED ENTRY ELEMENTS (KOHA)
-- 55
Holdings
Withdrawn status Lost status Source of classification or shelving scheme Damaged status Not for loan Home library Current library Shelving location Date acquired Vendor Name Cost, normal purchase price SGTU Bill Number Total Checkouts Full call number Accession No. (Barcode) Date last seen Date last borrowed Bill Date Koha item type
    Dewey Decimal Classification     SGT Dental Library SGT Dental Library Text Book 10/07/2017 Peoples Medical Publishing House 1950.00 SGTU 8252 56 617.63 B15G FD7564 10/11/2025 10/11/2025 14/06/2017 Books
    Dewey Decimal Classification     SGT Dental Library SGT Dental Library Text Book 10/07/2017 Peoples Medical Publishing House 1950.00 SGTU 8252 33 617.63 B15G FD7565 12/01/2026 12/01/2026 14/06/2017 Books